| 000 | 00545nam a2200205Ia 4500 | ||
|---|---|---|---|
| 005 | 20250508152910.0 | ||
| 008 | 008 250505s9999 xx 000 0 eng d | ||
| 037 | _aTextual | ||
| 040 |
_aFEDL _beng _cFEDL |
||
| 041 |
_aeng _2eng |
||
| 084 |
_a335, LOU _qFEDL |
||
| 100 | _aLoucks William N. | ||
| 245 | 0 | _aComparative economic systems | |
| 250 | _a6 | ||
| 260 |
_aNew York, USA _bHarper and Brothers Publishers _c1961 |
||
| 300 | _aix,801p | ||
| 650 | _aEconomics | ||
| 942 |
_cTEXL _h335, LOU |
||
| 999 |
_c1339485 _d1339485 |
||